Central Library OPAC University of Rajshahi

Historians of China and Japan / (Record no. 25035)

MARC details
000 -LEADER
fixed length control field 01070nam a2200265 a 4500
001 - CONTROL NUMBER
control field 25035
003 - CONTROL NUMBER IDENTIFIER
rucl marc code BD-RjUL
005 - DATE AND TIME OF LATEST TRANSACTION
control field 20211209050824.0
008 - FIXED-LENGTH DATA ELEMENTS--GENERAL INFORMATION
fixed length control field 140316r19621961enk b 001 0 eng d
035 ## - SYSTEM CONTROL NUMBER
System control number (BD-RjUL)25104
-- OCLC 1313407 from mmd028
040 ## - CATALOGING SOURCE
Original cataloging agency SRS
Language of cataloging eng
Transcribing agency m.c
Modifying agency m.c
-- BD-RjUL
041 ## - LANGUAGE CODE
Language code of text/sound track or separate title eng
082 04 - DEWEY DECIMAL CLASSIFICATION NUMBER
Edition number 19
Classification number 951.0072
Author mark and year HIS 1962
245 10 - TITLE STATEMENT
Title Historians of China and Japan /
Statement of responsibility, etc. edited by W. G. Beasley and E. G. Pulleyblank.
260 ## - PUBLICATION, DISTRIBUTION, ETC. (IMPRINT)
Name of publisher, distributor, etc. London :
Place of publication, distribution, etc. Oxford University Press,
Date of publication, distribution, etc. 1961 [reprinted 1962].
300 ## - PHYSICAL DESCRIPTION
Pagination viii, 351 p. ;
Size 24 cm.
490 1# - SERIES STATEMENT
Series statement Historical writing on the peoples of Asia / School of Oriental and African Studies.
504 ## - BIBLIOGRAPHY, ETC. NOTE
Bibliography, etc Includes bibliographical references and index.
651 #0 - SUBJECT ADDED ENTRY--GEOGRAPHIC NAME
Geographic name China
General subdivision Historiography
9 (RLIN) 77010
Geographic name Japan
General subdivision History
-- Historiography
9 (RLIN) 77011
700 1# - ADDED ENTRY--PERSONAL NAME
Personal name Beasley, W. G.
Fuller form of name (William G.),
Dates associated with a name 1919-2006
Personal name Pulleyblank, Edwin G.
Fuller form of name (Edwin George),
Dates associated with a name 1922-
830 #0 - SERIES ADDED ENTRY--UNIFORM TITLE
Uniform title Historical writing on the peoples of Asia (School of Oriental and African Studies)
942 ## - ADDED ENTRY ELEMENTS (KOHA)
Source of classification or shelving scheme Dewey Decimal Classification
Koha item type Books
Holdings
Lost status Source of classification or shelving scheme Damaged status Not for loan Collection code Permanent Location Current Location Shelving location Date acquired Source of acquisition Cost, normal purchase price Total Checkouts Full call number Date last seen Copy number Koha item type
  Dewey Decimal Classification   Added to bundle Non-fiction Central Library, University of Rajshahi Central Library, University of Rajshahi Reading Room 28/05/1964 Thomas & Thomas. 45.00   951.0072 HIS 1962 16/03/2014 C-1 Books